000 00704cam a22002053a 4500
001 39205
003 PGUSA
005 20140828083854.0
008 120319s2012||||xxu|||||s|||||000 | eng d
040 _aPGUSA
_beng
042 _adc
100 1 _aJennings, Robert,
_d1824-1893
245 1 0 _aSheep, Swine, and Poultry :
_bEmbracing the History and Varieties of Each; The Best Modes of Breeding; Their Feeding and Management; Together with etc.
_h[electronic resource] /
_cRobert Jennings
260 _bProject Gutenberg,
_c2012
506 _aPublic domain in the USA.
516 _aElectronic text
830 0 _aProject Gutenberg
_v39205
856 4 0 _uhttp://www.gutenberg.org/ebooks/39205
942 _cEB
999 _c268458
_d268458